| 000 | 01096nam a2200229Ia 4500 | ||
|---|---|---|---|
| 003 | Ost | ||
| 005 | 20260507075649.0 | ||
| 008 | 260507s9999||||xx |||||||||||||| ||und|| | ||
| 040 | _cfsecg | ||
| 041 | _aara | ||
| 082 | _a346.565082 | ||
| 100 |
_aبطاح، محمد توفيق عبد الفتاح _eمؤلف |
||
| 245 | 0 |
_aآثار الحساب الجاري في العمليات المصرفية / _c محمد توفيق عبد الفتاح بطاح |
|
| 260 |
_aعمان: _bمؤسسة الوراق للنشر والتوزيع, _c2004 |
||
| 300 |
_a251 صفحة؛ _bإيضاحات ؛ _c24 سم |
||
| 520 | _aماهية الحساب الجاري- تغيير صفة المدفوعات بمجرد قيدها- عدم قابلية الحساب الجاري للتجزئة- فوائد المدفوعات في الحساب الجاري- أثار الحساب الجاري في حالتي الإقفال والإفلاس. | ||
| 653 | _aالبنوك | ||
| 653 | _aالحسابات البنكية | ||
| 653 | _aالحسابات الجارية | ||
| 653 | _aالمدخرات | ||
| 942 | _cكتاب | ||
| 999 |
_c45540 _d45540 |
||